| 000 | 01195nam a2200289 i 4500 | ||
|---|---|---|---|
| 001 | 33039 | ||
| 003 | ES-MaACL | ||
| 005 | 20260324151256.0 | ||
| 007 | t| | ||
| 008 | 030201s1922 sp |||| | spa d | ||
| 040 | _cES-MaACL | ||
| 080 | _a94(100)(0:7) | ||
| 100 | 1 |
_aBeruete y Moret, Aureliano de, _d1876-1922 _eaut _9149326 |
|
| 245 | 1 | 3 |
_aEl cuadro como documento histórico : _bdiscurso que fue presentado por Aureliano de Beruete y Moret para su recepción en la Real Academia de la Historia ; y contestación de Julio Puyol y Alonso. |
| 260 |
_aMadrid : _bBlass, _c1922. |
||
| 300 |
_a51 páginas ; _c27 cm. |
||
| 530 | _aDisponible en formato digital | ||
| 650 | 4 |
_aHistoria- _xEn el arte. _9172183 |
|
| 650 | 7 |
_aArte e historia _2embne _910181 |
|
| 700 | 1 |
_aPuyol y Alonso, Julio, _d1865-1937 _994454 _eaut |
|
| 710 | 2 |
_aReal Academia de la Historia (España) _96309 |
|
| 852 |
_aES-MaACL _cDEPOF _j1639-F-4 _9 34265 _zRevisado enlace: 02 de Abril de 2025 |
||
| 856 | 4 |
_uhttps://bvpb.mcu.es/es/consulta/registro.do?id=605390 _yBiblioteca Virtual del Patrimonio Bibliográfico |
|
| 942 |
_cFOLLETOS _n0 |
||
| 999 |
_c33039 _d33039 |
||